|
|
|
|
| LEADER |
02180nam a2200601 a 4500 |
| 001 |
nkc20152684362 |
| 003 |
CZ PrNK |
| 005 |
20150422151017.0 |
| 007 |
ta |
| 008 |
150317s2015 xr e f 000 0 cze |
| 015 |
|
|
|a cnb002684362
|
| 020 |
|
|
|a 978-80-905949-1-3
|q (brož.)
|
| 035 |
|
|
|a (OCoLC)908822062
|
| 040 |
|
|
|a ABA001
|b cze
|
| 072 |
|
7 |
|a 615.8
|x Fyzioterapie. Psychoterapie. Alternativní lékařství
|2 Konspekt
|9 14
|
| 080 |
|
|
|a 615.851:7.02
|2 MRF
|
| 080 |
|
|
|a 615.851.1
|2 MRF
|
| 080 |
|
|
|a 159.963.3
|2 MRF
|
| 080 |
|
|
|a 159.96
|2 MRF
|
| 080 |
|
|
|a 159.954.3
|2 MRF
|
| 080 |
|
|
|a 615.8
|2 MRF
|
| 080 |
|
|
|a 612.821.7
|2 MRF
|
| 080 |
|
|
|a 159.923.2
|2 MRF
|
| 080 |
|
|
|a (0.062)
|2 MRF
|
| 100 |
1 |
|
|a Ženatá, Kamila,
|d 1953-
|7 jn19990210850
|4 aut
|
| 245 |
1 |
0 |
|a Obrazy v pohybu :
|b jedenadvacet zastavení s aktivní imaginací v arteterapii /
|c Kamila Ženatá
|
| 250 |
|
|
|a Vyd. 1.
|
| 260 |
|
|
|a Praha :
|b Kolem,
|c 2015
|
| 300 |
|
|
|a 273 s. ;
|c 19 cm
|
| 490 |
1 |
|
|a Arteterapie a sebezkušenost ;
|v 2
|
| 504 |
|
|
|a Obsahuje bibliografii
|
| 650 |
0 |
7 |
|a arteterapie
|7 ph118622
|2 czenas
|
| 650 |
0 |
7 |
|a psychoanalytická psychoterapie
|7 ph867516
|2 czenas
|
| 650 |
0 |
7 |
|a sny
|7 ph125733
|x psychoanalytické aspekty
|2 czenas
|
| 650 |
0 |
7 |
|a imaginace
|7 ph121035
|x psychoanalytické aspekty
|2 czenas
|
| 650 |
0 |
7 |
|a imaginace
|7 ph121035
|x terapeutické aspekty
|2 czenas
|
| 650 |
0 |
7 |
|a podvědomí
|7 ph124173
|2 czenas
|
| 650 |
0 |
7 |
|a sebepoznání
|7 ph116116
|2 czenas
|
| 650 |
0 |
9 |
|a art therapy
|2 eczenas
|
| 650 |
0 |
9 |
|a psychoanalytic psychoterapy
|2 eczenas
|
| 650 |
0 |
9 |
|a dreams
|x psychoanalytical aspects
|2 eczenas
|
| 650 |
0 |
9 |
|a imagery (psychology)
|x psychoanalytical aspects
|2 eczenas
|
| 650 |
0 |
9 |
|a imagery (psychology)
|x therapeutic aspects
|2 eczenas
|
| 650 |
0 |
9 |
|a subconsciousness
|2 eczenas
|
| 650 |
0 |
9 |
|a self-consciousness
|2 eczenas
|
| 655 |
|
7 |
|a populárně-naučné publikace
|7 fd131864
|2 czenas
|
| 655 |
|
9 |
|a popular works
|2 eczenas
|
| 830 |
|
0 |
|a Arteterapie a sebezkušenost
|0 s
|
| 910 |
2 |
|
|a BOA001
|b 1-1345.010
|
| 990 |
|
|
|a BK
|
| 995 |
|
|
|a 01
|
| 991 |
|
|
|b 201504
|c NOV
|e n
|
| 996 |
6 |
|
|b 2610627448
|c 1-1345.010
|l MZK
|r Sklad / do 1 hodiny
|n 11
|p p.v.
|w 001497746
|u 000010
|a 1
|e BOA001
|j MZK50
|s P
|